Quizzes
Events
Quiz Creation
Community
Videos
Private Events
Remove Ads
Sign In
Join for FREE
Feedback
Dark Mode
Quiz Categories
Sports
Geography
Music
Movies
Television
Just For Fun
Miscellaneous
History
Literature
Language
Science
Gaming
Entertainment
Religion
Holiday
For Kids
Quiz Lab
Recent
Popular Today
Quiz Kudos Today
Editor Picks
Curator Picks
Quizzes by...
Day
Popularity
Type
Ratings
Length
Year
Community
Subscriptions
Recent Discussions
Orange Saloon
Badges
Playlists
Quests
Create
Leaderboards
Showdown
Live 5
Trivia Bingo
Activity
Puzzle Library
Sporcle Events
Private Events
Virtual Trivia
Globe League
Become a Host
Pub Owners
SporcleCon
Opinionation
Our Games
Videos
Blog
Mobile Apps
Partnerships
Remove Ads and Go Orange
Feedback
Just For Fun
Clickable
Get the Picture
Humor
Quick Pick
Word Ladder
Missing Word
Mixed Word
Blitz
Minefield
This or That
Alphabet
Color
Typing
Sporcle
Puzzle
Word Play
Follow That Line
Logic
Just For Fun
Clickable
Get the Picture
Humor
Quick Pick
Word Ladder
Missing Word
Mixed Word
Blitz
Minefield
This or That
Alphabet
Color
Typing
Sporcle
Puzzle
Word Play
Follow That Line
Logic
Random Quiz
Search Sporcle
×
Quiz Lab
Quiz Lab
Just For Fun
chair
Type in answers that appear in a list
Type in answers that appear in a list
Classic
Best Score? Go Orange.
C-Pairs Stats
Can you name the C-Pairs?
By
kevinmcgaire
10m
23 Questions
2 Plays
2 Plays
2 Plays
Comments
Comments
Give Quiz Kudos
Give Quiz Kudos
-
- Ratings
hide this ad
Replay
Link that replays current quiz
Next Quiz
Link to next quiz in quiz playlist
You Got
0%
They Got
Avg Score
8%
Avg Friend Score
Upgrade to see
Score Distribution
Jump to the score distribution portion of the page
Score
0/23
Timer
10:00
0
Plays Today
Hint
Answer
% Correct
CA
Camera
100%
CB
Cab
50%
CD
CD
50%
CE
Caeser
0%
CF
Cafe
0%
CG
Cog
0%
CH
Church
0%
CI
Cigar
0%
CJ
Cajun
0%
CK
Cake
0%
CL
Clown
0%
CM
Clam
0%
Hint
Answer
% Correct
CN
CN Tower
0%
CO
Coke
0%
CP
Coup
0%
CQ
Cinqe
0%
CR
Crash
0%
CS
Castle
0%
CT
Cat
0%
CU
Cup
0%
CV
Cave
0%
CW
Cow
0%
CX
Cox
0%
Quiz Playlist
Details
Report
Send in Message
Add To Playlist
Classic:
Type in answers that appear in a list
Last Updated: Feb 24, 2017
Quiz Scoreboard
CHALLENGE
Sign Up to Join the Scoreboard
Show All
Scores
Hide
Comments
May contain spoilers
Recently Published
Movies - When Are They Set?
by FPL_Elf
Movies
5m
Popular People in 1961
by mucciniale
History
6m
1-10 Letter E Words III
by El_Dandy
Language
2m
More to Explore
Quiz From the Vault
Featured Blog Post
Where Did the Easter Bunny Come From?
hide this ad
You Might Also Like...
Tags
chair
Today's Top Quizzes in Just For Fun
Browse Just For Fun
hide this ad
Today's Top Quizzes in chair
Browse chair
Top Contributed Quizzes in Just For Fun
1
Harry Potter Logic - 'In Chains' II
2
Crossword Whiteout! 49
3
Survivor Winners Logic Puzzle
4
one piece logic puzzle
5
Letter's Position in the Alphabet Blitz
6
Thermometer Puzzle 25
7
Aquarium Logic Puzzle 17
8
Big Thermometer Puzzle 21
9
Edinburgh Fringe jokes 2015
10
Word Ladder: Ahoy Matey
Explore More
Trending Topics
Kpop
Marvel
NBA
Disney
Anime
Harry Potter
Crossword
Pokémon
Puzzle
Country
The Office
Soccer
WWE
NFL
Song
hide this ad
More By:
kevinmcgaire
Quiz
Plays
Rating
Category
Featured
Created
B-Pairs
3
Just For Fun
Feb 24, 2017
D-Pairs
2
1.00
Just For Fun
Feb 24, 2017
C-Pairs
2
Just For Fun
Feb 24, 2017
Go to Creator's Profile
Score Distribution
Quiz Creator Spotlight
kevinmcgaire
Follow
Send a Message
Quizzes Created
-
Created Quiz Play Count
-
More By This Creator
Popular Quizzes Today
1
Find the US States - No Outlines Minefield
2
Find the Countries of Europe - No Outlines Minefield
3
The Countries of the World
4
Popular People in 1961
5
1-10 Letter E Words III
6
US States
7
Find the US States
8
One Thing in Common: World Cities II
More Just For Fun Quizzes
Missing Word: 1990s 'M' Song Endings
Published
Trending Quizzes
Risky Map Clicking: Least Populous States A-Z
1-10 Letter F Words
Humor Books: The Subtitles
1-10 Letter G Words
One Thing in Common: United Kingdom
Recently Updated
Leaping Animals
pecheneg
Reality TV Shows (A-Z)
bhenderson79
Rickey Henderson's Hall of Fame Teammates
pecheneg
Champions League XIs: Arsenal
pecheneg
Quick Pick: Celebrities in WWE's Hall of Fame
aduchscher
A-Z Keypad Blitz II
pecheneg
Multiple Oscar Actors
pecheneg
Mystery Phrase Blitz: Oscar 'Best Actors'
pecheneg
F. Scott Fitzgerald Novels
LTH
Pick 3 Villains
ddd62291
Trending Topics
Marvel
Kpop
Harry Potter
Anime
Crossword
Disney
NBA
WWE
Country
Pokémon
Puzzle
Song
The Office
NFL
Soccer
Your Account Isn't Verified!
In order to create a playlist on Sporcle, you need to verify the email address you used during registration. Go to your
Sporcle Settings
to finish the process.
Report this User
Report this user for behavior that violates our
Community Guidelines
.
Details:
Send Report
Go to the Sporcle.com Mobile Site →
Comments